Movies Quiz

Random Movies or Definition Quiz

1980s Movie Definitions Quiz Stats

Quiz Updated Nov 12, 2017

Challenge
Share
Tweet
Embed
Score 0/15 Timer 02:00
2 Plays Today
% Correct
Airplane!
96.9%
Clue
96.9%
Cocoon
96.4%
Stripes
95.9%
Big
95.7%
Nomads
95.7%
Platoon
95.6%
Angel
95.6%
% Correct
Rampage
95.1%
Masquerade
93.6%
Gremlins
92.3%
Aliens
91.8%
Xanadu
91.6%
Predator
91.2%
Vamp
86.8%

You're not logged in!

Compare scores with friends on all Sporcle quizzes.
Sign Up with Email
OR
Log In

You Might Also Like...

Show Comments

Extras

Top Quizzes Today


Score Distribution

Your Account Isn't Verified!

In order to create a playlist on Sporcle, you need to verify the email address you used during registration. Go to your Sporcle Settings to finish the process.

Report this User

Report this user for behavior that violates our Community Guidelines.

Details: